| 000 | 00886cam a22003015a 4500 | ||
|---|---|---|---|
| 001 | 015694913 | ||
| 003 | Uk | ||
| 005 | 20150817151951.0 | ||
| 008 | 101110s2011 mauad f 001 0 eng d | ||
| 020 | _a0131391992 (pbk.) | ||
| 020 | _a9780131391994 (pbk.) | ||
| 040 |
_aEG-ScBUE _beng _cEG-ScBUE |
||
| 082 | 0 | 4 |
_a001.424 _222 _bTAH |
| 100 | 1 |
_aTaha, Hamdy A. _932529 |
|
| 245 | 1 | 0 |
_aOperations Research : _ban Introduction / _cHamdy A. Taha. |
| 250 |
_a9th ed., _b International ed. |
||
| 260 |
_aBoston, _bPearson, _cc2011. |
||
| 300 |
_a824 p. : _bill. ; _c24 cm. |
||
| 500 | _aindex 813-824. | ||
| 500 | _aIncludes Internet access. | ||
| 504 | _aIncludes bibliographical references. | ||
| 650 | 0 |
_aOperations research. _932530 _2BUEsh |
|
| 650 | 0 |
_aProgramming . _2BUEsh |
|
| 651 | _2BUEsh | ||
| 653 |
_bCOMSCI _cAugust2015 |
||
| 655 |
_vtext book _933728 |
||
| 942 |
_2ddc _cBB |
||
| 999 |
_c17271 _d17243 |
||